| 000 | 01266nam a2200349 c 4500 | ||
|---|---|---|---|
| 999 |
_c378826 _d378826 |
||
| 003 | BLK | ||
| 005 | 20200804093840.0 | ||
| 008 | 200311b bul|||||r ||||||| ||bul|| | ||
| 040 | _aBLK | ||
| 041 |
_aBUL _cBUL |
||
| 080 |
_aПрофесионални болести. Общи въпроси _b613.62 _z613.62 |
||
| 100 | 1 |
_aЙорданов, Евгени _eПърви автор _9422981 |
|
| 139 | _aЙорданов, Евгени и др. | ||
| 245 | 1 | 0 |
_aПрофесионалните вредности - причина за инвалидност _cЕвгени Йорданов; Съавт. Цв. Алексиева. |
| 257 | _aBGR | ||
| 260 |
_aСофия _bПрофиздат _c1962 |
||
| 300 |
_a84 с. _c18 см |
||
| 380 | _a61 | ||
| 490 | 1 |
_aБиблиотека Профсъюзна просвета _v18 |
|
| 500 | _a8 100 тир. 0,15 лв. | ||
| 650 | 4 |
_aПрофесионални болести _9422982 |
|
| 653 | 7 |
_aпрофесионални болести _9194805 |
|
| 653 | 7 |
_aинвалиди _9187596 |
|
| 700 | 1 |
_aАлексиева, Цв. _eСъавт. _9422983 |
|
| 852 |
_aЦб І 5553 _bЦб |
||
| 942 |
_cKNG _n0 _s1 |
||
| 944 |
_aCR _c2020-08-04 _kМикаела Микова - Илиева |
||
| 999 | _d395297 | ||